Memories / (Record no. 23595)
[ view plain ]
| 000 -LEADER | |
|---|---|
| fixed length control field | 00715nam a2200253I 4500 |
| 001 - CONTROL NUMBER | |
| control field | 23595 |
| 003 - CONTROL NUMBER IDENTIFIER | |
| rucl marc code | BD-RjUL |
| 005 - DATE AND TIME OF LATEST TRANSACTION | |
| control field | 20211209000940.0 |
| 008 - FIXED-LENGTH DATA ELEMENTS--GENERAL INFORMATION | |
| fixed length control field | 140311t1970 e 1 eng c |
| 020 ## - INTERNATIONAL STANDARD BOOK NUMBER | |
| International Standard Book Number | 04925006X |
| 035 ## - SYSTEM CONTROL NUMBER | |
| System control number | (BD-RjUL)23660 |
| 040 ## - CATALOGING SOURCE | |
| Original cataloging agency | Ohio Univ Lib |
| Language of cataloging | eng |
| Transcribing agency | DLC |
| Modifying agency | BD-RjUL |
| 041 ## - LANGUAGE CODE | |
| Language code of text/sound track or separate title | eng |
| 082 04 - DEWEY DECIMAL CLASSIFICATION NUMBER | |
| Classification number | 925 |
| Author mark and year | HUM 1970 |
| 100 11 - MAIN ENTRY--PERSONAL NAME | |
| Personal name | Huxley, Julian, |
| Dates associated with a name | 1887-1975. |
| 9 (RLIN) | 37359 |
| 245 1# - TITLE STATEMENT | |
| Title | Memories / |
| Statement of responsibility, etc. | [by] Julian Huxley. |
| 260 ## - PUBLICATION, DISTRIBUTION, ETC. (IMPRINT) | |
| Place of publication, distribution, etc. | London : |
| Name of publisher, distributor, etc. | George Allen and Unwin, |
| Date of publication, distribution, etc. | 1970. |
| 300 ## - PHYSICAL DESCRIPTION | |
| Pagination | 296 p. : |
| Illustrations | illus., facsims, ports. ; |
| Size | 25 cm. |
| 504 ## - BIBLIOGRAPHY, ETC. NOTE | |
| Bibliography, etc | includes index. |
| 650 #0 - SUBJECT ADDED ENTRY--TOPICAL TERM | |
| Topical term or geographic name as entry element | Biologists |
| General subdivision | Biography. |
| 9 (RLIN) | 72636 |
| 942 ## - ADDED ENTRY ELEMENTS (KOHA) | |
| Source of classification or shelving scheme | Dewey Decimal Classification |
| Koha item type | Books |
| Lost status | Source of classification or shelving scheme | Damaged status | Not for loan | Collection code | Permanent Location | Current Location | Shelving location | Date acquired | Source of acquisition | Cost, normal purchase price | Total Checkouts | Full call number | Date last seen | Copy number | Koha item type |
|---|---|---|---|---|---|---|---|---|---|---|---|---|---|---|---|
| Dewey Decimal Classification | Added to bundle | Non-fiction | Central Library, University of Rajshahi | Central Library, University of Rajshahi | Reading Room | 14/07/1972 | Book center | 69.30 | 925 HUM 1970 | 11/03/2014 | C-1 | Books |